Journalism and popular culture
Αποθηκεύτηκε σε:
| Άλλοι συγγραφείς: | , |
|---|---|
| Μορφή: | Βιβλίο |
| Γλώσσα: | English |
| Δημοσίευση: |
London :
Sage Publications,
c1992
|
| Σειρά: | Media, culture and society series
|
| Θέματα: | |
| Ετικέτες: |
Προσθήκη ετικέτας
Δεν υπάρχουν, Καταχωρήστε ετικέτα πρώτοι!
|
MARC
| LEADER | 00000nam a2200000 i 4500 | ||
|---|---|---|---|
| 001 | 1/13544 | ||
| 008 | 001129s1992 eng d | ||
| 020 | |a 0-8039-8671-8 | ||
| 035 | |l 10064662 | ||
| 040 | |a GR-MY-UA |b gre |e aacr | ||
| 041 | 0 | |a eng | |
| 082 | 0 | |a 302.23 | |
| 245 | 1 | 0 | |a Journalism and popular culture / |c edited by Peter Dahlgren and Colin Sparks |
| 260 | |a London : |b Sage Publications, |c c1992 | ||
| 300 | |a vi, 210 p. | ||
| 490 | 1 | |a Media, culture and society series | |
| 504 | |a Includes bibliographical references and index | ||
| 650 | 0 | 0 | |a Journalism. |
| 650 | 0 | 0 | |a Popular culture. |
| 700 | 1 | |a Dahlgren, Peter |d 1946- |4 edt | |
| 700 | 1 | |a Sparks, Colin |d 1947- |4 edt | |
| 830 | 0 | |a Media, culture and society series | |
| 852 | |a INST |b LESVOS |e 20001129 |h 302.23 JOU |p 005100029436 |q 005100029436 |t BK |y 0 | ||
| 901 | |a BIBL1-2000-3 | ||
| 909 | |a Λ |b 082850 | ||
| 922 | |a 1ΕΛΗ |b 200011 |c ΤΑΚ/ΠΤΕ |d ΜΙΧΑΛΟΠΟΥΛΟΣ | ||
| 950 | |a 185-2000-09-13 | ||
| 970 | |a ΤΖΑΦΕΡΗ |b ΕΥΑΓΓΕΛΙΑ |z 2000/12/07 | ||